000 00640nam a2200229Ia 4500
003 OSt
005 20221007081149.0
006 a|||||r|||| 00| 0
007 ta
008 221006b |||||||| |||| 00| 0 eng d
024 _a11,512
037 _cTextual
040 _aFLL
_cFLL
_beng
041 _2eng
_aeng
082 _aVIN45-63z7, K8
100 _aTaubenfeld H.J. Au.
_9696580
245 0 _aRace, peace, law, and southern africa
260 _aNew York
_bOceana publications, inc. U.S.A.
_c1968
300 _a211p
_ccm.
942 _hVIN45-63z7, K8
_cTEXL
_2CC
999 _c1162259
_d1162259